Music Quiz

Random Music or Kpop Quiz

⁂ღKPOP: Name Members (july 2019) 300 answers!ღ⁂ Quiz Stats

 Plays Quiz not verified by Sporcle

Support Sporcle.
Go Orange.
Score 0/300 Timer 15:00
0 Plays Today
% Correct
Jin
98.1%
V
98.1%
Jin
98.1%
Wheein
97.9%
Jun
97.6%
Jun
97.6%
RM
97.5%
j-hope
97.4%
Jimin
97.4%
SUGA
97.2%
Jungkook
97.1%
Kai
96.7%
D.O.
96.4%
Chen
96.2%
Chan
96.2%
Baekhyun
95.8%
San
95.8%
Suho
95.7%
Chanyeol
95.3%
Sehun
95.1%
Xiumin
94.9%
Lay
94.6%
Hwasa
94.3%
E:U
94.2%
Jisoo
94.2%
Jackson
94.2%
Jisoo
94.2%
BamBam
94%
Lisa
93.9%
Rose
93.8%
Jennie
93.5%
Jeon Somi
93.4%
JB
93%
Irene
93%
Solar
92.9%
Mark
92.8%
Yeri
92.6%
Moonbyul
92.4%
Momo
92.4%
Jinyoung
92.2%
Joy
92.1%
Wendy
91.9%
Seulgi
91.8%
Sana
91.6%
Woozi
91.6%
I.M.
91.5%
Jihyo
91.5%
Shownu
91.4%
Vernon
91.4%
Wonho
91.3%
S.coups
91.3%
Yugyeom
91.1%
Nayeon
90.8%
Nayun
90.8%
Mina
90.6%
Youngjae
90.5%
Tzuyu
90.4%
The8
90.1%
Hoshi
90%
Dino
89.5%
LE
89.4%
Joshua
89.4%
Dahyun
89.3%
DK
89.3%
B.M
89.2%
Chaeyoung
89.1%
Hani
88.9%
Mingyu
88.9%
Cha Eunwoo
88.5%
Minhyuk
88.3%
Seungkwan
87.7%
Wonwoo
87.5%
Jeonghan
87.5%
Kihyun
87.4%
Hui
87.4%
Jooheon
86.8%
Hyungwon
86.3%
Jeongyeon
86.2%
Chaeyoung
86%
J.Seph
84.9%
IU
84.3%
Chungha
84.2%
Rocky
84.1%
HyunaA
83.3%
Moonbin
83.2%
JinJin
82.9%
Soobin
82.8%
Soobin
82.8%
Sanha
82.5%
Sunmi
82.3%
Jiwoo
82.1%
Yuqi
82%
MJ
82%
Yeji
81.9%
Seoyeon
81.6%
Soyeon
81.3%
Somin
81.2%
Chaeryeong
80.9%
Lia
80.7%
Huening Kai
79.7%
% Correct
Nancy
79.2%
Yeeun
79%
SinB
78.7%
Yuna
78.6%
Minnie
78.5%
Yeonjun
78.4%
Ryujin
78.3%
Taehyun
78%
Sakura
77.8%
Wooseok
76.9%
Yuto
76.4%
Sorn
76.2%
Chaeyeon
76%
Chaeyeon
76%
Yuju
75.6%
Yuju
75.6%
Shuhua
74.9%
Solji
74.8%
Eunha
74.7%
Eric
74.7%
Kino
74.4%
Taemin
74.4%
JooE
73.8%
Eunbi
73.6%
Umji
73.2%
Beomgyu
72.2%
Yanan
72.1%
Soojin
72%
Mingi
71.9%
Taeyeon
71.6%
Miyeon
71.3%
Q
70.8%
Yerin
70.2%
Sowon
70.1%
Kevin
70%
Jeonghwa
69.9%
Wooyoung
68.4%
Hongseok
68.2%
Jinho
68.1%
Naeun
67.9%
Naeun
67.9%
Doyeon
67.8%
Hongjoong
67.4%
Bomi
67.2%
Yunho
66.4%
Jacob
65.7%
Eunji
65.6%
Yujin
65.3%
Yujin
65.3%
Hyerin
65.2%
Elkie
65%
Yeo One
64.9%
G-Dragon
64.7%
Namjoo
64.1%
Daisy
63.8%
Jongho
63.7%
Seonghwa
63.7%
Hitomi
63.4%
Chuu
63.4%
Nako
63.2%
Wonyoung
63%
Yeosang
62.8%
New
62.1%
Olivia Hye
62.1%
Chorong
61.4%
Ailee
60.9%
Hwall
60.6%
Yoojung
60.4%
Yuri
60.3%
Shinwon
60.2%
Seunghee
59.7%
Seunghee
59.7%
Chaewon
59.5%
Chaewon
59.5%
Kim Lip
59.3%
Hayoung
59.3%
Hayoung
59.3%
Yena
59.2%
Yena
59.2%
Eunbin
58.6%
Jinsoul
57.8%
Lee Hi
57.5%
Yves
57.3%
Hyunjin
57.1%
Seungyeon
56.7%
Vivi
55.5%
Mia
54.9%
DEAN
54.4%
Choerry
53.8%
Hyewon
52.8%
Heejin
52.5%
Juhaknyeon
52.5%
Minjoo
52.1%
Yiren
52%
Minju
52%
Jane
51.3%
Lucy
51%
Sunwoo
50.8%
Heize
50.4%
Aisha
49.4%
% Correct
Suhyun
49.3%
Juyeon
48.9%
Ahin
47.6%
Younghoon
47.5%
Yeonwoo
47.5%
Go Won
47.2%
Cheng Xiao
47.1%
Haseul
47%
Sangyeon
46.5%
YooA
46.5%
Hyunjae
46.4%
Onda
46%
Taeha
46%
Lua
45.8%
Sei
44.9%
Kei
44.7%
EXY
44.4%
Chanhyuk
44.4%
Arin
44.3%
Baby Soul
44.3%
Sihyeon
43.9%
Mimi
43.4%
Yeojin
42.8%
Elly
42.7%
Hyebin
42.6%
Zico
42.4%
Binnie
41.8%
Rina
41.5%
Eric Nam
41.4%
Samuel
40.9%
Yeonjung
40.7%
Suyeon
39.8%
BoA
39.8%
Mei Qi
39.3%
Luda
39.1%
Jiho
39%
Bona
38.2%
Mijoo
38.2%
Seola
36.4%
Feeldog
36.3%
Dawon
36.2%
Crush
36%
Jay Park
35.4%
Gyuri
35.3%
Hansol
35.2%
Hyojung
34.9%
Jiwon
34.1%
Jiwon
34.1%
Xuan Yi
33.4%
Yeoreum
33.2%
Dayoung
32.2%
Yein
31.9%
Eunseo
31.5%
Jiyoung
30%
Rachel
29.5%
Jisun
28.9%
Saerom
28.7%
Nagyung
28.7%
Kokoro
28.7%
Marco
28.7%
Jiae
28.7%
Euijin
28%
Miya
27.7%
HENRY
27.2%
Hyolyn
27%
Jinsol
26.7%
Jiyoon
26.7%
May
26.5%
Sujeong
26.3%
Linlin
25.9%
Jiheon
25.6%
Somyi
24.3%
Yebin
23.6%
Eunice
23.5%
Bora
23.5%
Hojung
22.7%
Kijung
22.4%
Mirae
22.3%
Heehyun
22.2%
Eunchae
21.9%
Lena
21.6%
Daewon
21.4%
Chaekyung
21.1%
Haeyoon
20.2%
Chaerin
20.2%
SoSo
19.5%
Remi
19%
Anne
18.7%
Bella
18.7%
Sohee
16.4%
Seokyoung
16.3%
Loco
16.2%
Seoryoung
15.7%
Jooeun
14.6%
Karin
13.9%
Suran
13.7%
Yukyung
12.1%
Hyesung
11%
Penomeco
8.3%
DPR LIVE
6.7%

You're not logged in!

Compare scores with friends on all Sporcle quizzes.
OR
Log In

From the Vault

Vowel-less Book Titles

by XCBoss

njy ths sprcl qz n ltrtr.
Remove Ads.
Support Sporcle.
Get the best of Sporcle when you Go Orange. This ad-free experience offers more features, more stats, and more fun while also helping to support Sporcle. Thank you for becoming a member.

Show Comments

Extras

Top Quizzes Today


Score Distribution

Your Account Isn't Verified!

In order to create a playlist on Sporcle, you need to verify the email address you used during registration. Go to your Sporcle Settings to finish the process.

Report this User

Report this user for behavior that violates our Community Guidelines.

Details: